[Event "POL-chT 2nd League"]
[Site "Jastrzebia Gora"]
[Date "2023.09.08"]
[Round "7.111"]
[White "Bienias, Piotr"]
[Black "Szmidt, Przemyslaw"]
[Result "0-1"]
[WhiteElo "1934"]
[BlackElo "1824"]
[PlyCount "90"]
[EventDate "2023.09.02"]
[EventType "team-swiss"]
[EventRounds "9"]
[EventCountry "POL"]
[SourceTitle "EXT 2024"]
[Source "ChessBase"]
[SourceDate "2023.10.10"]
[SourceVersion "1"]
[SourceVersionDate "2023.10.10"]
[SourceQuality "1"]
[WhiteTeam "Wroclaw Hetman"]
[BlackTeam "Bydgoszcz Royal Chess"]
[WhiteTeamCountry "POL"]
[BlackTeamCountry "POL"]

1. e4 c5 2. Nf3 e6 3. d3 Nc6 4. Nbd2 d6 5. g3 g6 6. Bg2 Bg7 7. 0-0 Nge7 8. Re1 0-0 9. Nc4 b5 10. Ne3 Rb8 11. a4 b4 12. Nc4 Nd4 13. Bd2 Ba6 14. Rb1 Bxc4 15. dxc4 b3 16. Nxd4 cxd4 17. cxb3 Nc6 18. f4 Qb6 19. Kh1 Nb4 20. Rf1 Nd3 21. b4 Nxb4 22. f5 Qd8 23. Qf3 Nc6 24. f6 Bh8 25. Bg5 Qa5 26. Qf4 Ne5 27. b3 Rb7 28. Bh3 Rfb8 29. Qf2 Ng4 30. Bxg4 Qxg5 31. Qf3 Qe5 32. Rf2 Rb4 33. Rbb2 a5 34. h4 h5 35. Bh3 d3 36. Qxd3 Bxf6 37. Rb1 Bg7 38. Qf3 Kh7 39. Rff1 R8b7 40. Qd3 Qd4 41. Qe2 Be5 42. Kg2 Rxb3 43. Rxf7+ Kg8 44. Rxb7 Rxg3+ 45. Kh2 Rg1# 0-1

[Event "POL-chT 2nd League"]
[Site "Jastrzebia Gora"]
[Date "2023.09.05"]
[Round "4.105"]
[White "Wozniak, Maciej"]
[Black "Szmidt, Przemyslaw"]
[Result "1/2-1/2"]
[WhiteElo "1999"]
[BlackElo "1824"]
[PlyCount "116"]
[EventDate "2023.09.02"]
[EventType "team-swiss"]
[EventRounds "9"]
[EventCountry "POL"]
[SourceTitle "EXT 2024"]
[Source "ChessBase"]
[SourceDate "2023.10.10"]
[SourceVersion "1"]
[SourceVersionDate "2023.10.10"]
[SourceQuality "1"]
[WhiteTeam "Rzeszow Szachownica"]
[BlackTeam "Bydgoszcz Royal Chess"]
[WhiteTeamCountry "POL"]
[BlackTeamCountry "POL"]

1. e4 e5 2. f4 d5 3. exd5 exf4 4. Nf3 Nf6 5. Bb5+ Bd7 6. Bxd7+ Qxd7 7. 0-0 Nxd5 8. c4 Nb6 9. b3 Be7 10. d4 0-0 11. Ne5 Qd8 12. Bxf4 N8d7 13. Nc3 Nf6 14. Qd2 Nh5 15. Be3 Nf6 16. Rad1 c6 17. Qd3 Nbd7 18. Qf5 Re8 19. Ne4 Rf8 20. Ng5 h6 21. Ngf3 Qc8 22. Nd3 Re8 23. Bc1 Nf8 24. Qf4 Ng6 25. Qg3 Ne4 26. Qh3 Qxh3 27. gxh3 Nc3 28. Rd2 Bg5 29. Nxg5 hxg5 30. Bb2 Ne2+ 31. Kh1 Nef4 32. Nxf4 gxf4 33. d5 cxd5 34. cxd5 Rad8 35. d6 Rd7 36. Ba3 f6 37. Kg2 Nh4+ 38. Kf2 Nf5 39. Kf3 g5 40. Rc1 Kf7 41. Rc5 Re3+ 42. Kf2 Nxd6 43. Rxd6 Rxd6 44. Rc7+ Ke6 45. Bxd6 Kxd6 46. Rxb7 Rxh3 47. Kg2 Rc3 48. Rxa7 g4 49. Ra5 Ke6 50. b4 Rc2+ 51. Kg1 g3 52. hxg3 fxg3 53. Ra3 Kf5 54. Rxg3 Rxa2 55. Rb3 Ra6 56. b5 Rb6 57. Kf2 Ke4 58. Rb4+ Ke5 1/2-1/2

[Event "POL-chT3 Kujawsko-Pomorskie 2223"]
[Site "Poland"]
[Date "2023.??.??"]
[Round "5.1"]
[White "Rzhevutsky, Jan"]
[Black "Szmidt, Przemyslaw"]
[Result "0-1"]
[WhiteElo "1715"]
[BlackElo "1870"]
[PlyCount "60"]
[EventDate "2022.11.13"]
[EventType "team-swiss"]
[EventRounds "7"]
[EventCountry "POL"]
[SourceTitle "EXT 2024"]
[Source "ChessBase"]
[SourceDate "2023.10.10"]
[SourceVersion "1"]
[SourceVersionDate "2023.10.10"]
[SourceQuality "1"]

1. e4 e6 2. d4 d5 3. Nc3 dxe4 4. Nxe4 Nd7 5. Ne2 Ngf6 6. N2c3 Bb4 7. Bd3 Nxe4 8. Bxe4 Nf6 9. Bf3 Nd5 10. Bxd5 Qxd5 11. Qg4 Bd7 12. 0-0 Bxc3 13. bxc3 0-0-0 14. a4 e5 15. Qh5 Bc6 16. Qg4+ Kb8 17. dxe5 Qxe5 18. Bf4 Qxc3 19. Bg3 Qd4 20. Qf5 Qd5 21. Qh3 h5 22. c4 Qxc4 23. Rfc1 Qd5 24. f3 h4 25. Bf2 Bd7 26. g4 hxg3 27. Qxg3 Bc6 28. Kg2 Rh6 29. Rc5 Qd3 30. h4 Rg6 0-1

[Event "POL-chT3 Kujawsko-Pomorskie 2223"]
[Site "Poland"]
[Date "2022.??.??"]
[Round "3.2"]
[White "Szmidt, Przemyslaw"]
[Black "Wloch, Mikolaj"]
[Result "1/2-1/2"]
[WhiteElo "1870"]
[BlackElo "1820"]
[PlyCount "79"]
[EventDate "2022.11.13"]
[EventType "team-swiss"]
[EventRounds "7"]
[EventCountry "POL"]
[SourceTitle "EXT 2024"]
[Source "ChessBase"]
[SourceDate "2023.10.10"]
[SourceVersion "1"]
[SourceVersionDate "2023.10.10"]
[SourceQuality "1"]

1. Nf3 Nf6 2. c4 c5 3. Nc3 g6 4. g3 Bg7 5. Bg2 0-0 6. 0-0 Nc6 7. d4 cxd4 8. Nxd4 Nxd4 9. Qxd4 d6 10. Qd2 Qc7 11. b3 Bd7 12. Bb2 Bc6 13. Nd5 Bxd5 14. Bxd5 Nxd5 15. Bxg7 Kxg7 16. Qxd5 Qc6 17. e4 Qxd5 18. exd5 Rac8 19. Rfe1 Rc7 20. Re4 f5 21. Re6 Rf6 22. Rae1 Rxe6 23. Rxe6 Kf7 24. Re3 Rc5 25. a4 a6 26. Kf1 b5 27. axb5 axb5 28. Rc3 bxc4 29. bxc4 e6 30. dxe6+ Kxe6 31. Ke2 Ra5 32. Re3+ Kf6 33. Rb3 Ra2+ 34. Ke3 Rc2 35. Rb6 Rxc4 36. Rxd6+ Ke5 37. Rd7 h5 38. h4 Rc3+ 39. Ke2 Rc2+ 40. Ke3 1/2-1/2

[Event "Rubinstein Memorial op-D 57th"]
[Site "Polanica Zdroj"]
[Date "2021.08.21"]
[Round "8"]
[White "Szmidt, Przemyslaw"]
[Black "Kasprzak, Lukasz"]
[Result "1-0"]
[WhiteElo "1852"]
[BlackElo "1627"]
[PlyCount "151"]
[EventDate "2021.08.14"]
[EventType "swiss"]
[EventRounds "9"]
[EventCountry "POL"]
[SourceTitle "CBM 204 Extra"]
[Source "ChessBase"]
[SourceDate "2021.11.30"]
[SourceVersion "1"]
[SourceVersionDate "2021.11.30"]
[SourceQuality "1"]

1. e4 c6 2. Nf3 d5 3. exd5 cxd5 4. d4 Nf6 5. Nc3 Nc6 6. h3 Bf5 7. Ne5 h6 8. Bb5 Rc8 9. 0-0 e6 10. Re1 Bb4 11. Bf4 Bxc3 12. bxc3 Qa5 13. Nxc6 bxc6 14. Bd3 Ne4 15. c4 0-0 16. f3 Nc3 17. Qd2 c5 18. Bxf5 exf5 19. Bd6 Rfd8 20. dxc5 dxc4 21. Qf4 Nb5 22. Rad1 Nxd6 23. cxd6 Rd7 24. Kh2 Rcd8 25. Qxc4 Kh7 26. Qf4 g5 27. Qc4 Kg6 28. Re7 Rxe7 29. dxe7 Qe5+ 30. f4 Qxe7 31. Qa6+ f6 32. Rxd8 Qxd8 33. Qxa7 Qd2 34. Qc7 gxf4 35. a4 Qf2 36. Qc4 Kg7 37. Qd3 f3 38. Qxf3 Qxc2 39. a5 Qa4 40. Qxf5 Qa1 41. Qc5 Kg6 42. Qc7 h5 43. Kg3 Qa3+ 44. Kf2 h4 45. Qc2+ Kg7 46. Qf5 Qg3+ 47. Kf1 Qa3 48. Qd7+ Kg6 49. Qb5 Qa1+ 50. Ke2 Qa2+ 51. Kf3 Qa3+ 52. Ke4 Qe7+ 53. Kd4 Qd6+ 54. Kc3 Qc7+ 55. Kb4 Qf4+ 56. Qc4 Qd6+ 57. Kb5 Qb8+ 58. Ka4 Qe8+ 59. Kb3 Qe3+ 60. Kb2 Qe5+ 61. Qc3 Qb5+ 62. Ka3 f5 63. Qc7 Kg5 64. Qd8+ Kh5 65. Qb6 Qd3+ 66. Kb4 Qe4+ 67. Kc5 Qxg2 68. a6 Qf2+ 69. Kc6 Qc2+ 70. Kd7 Qd3+ 71. Ke7 Qe4+ 72. Kf7 f4 73. Qc5+ Kh6 74. Qf8+ Kg5 75. Qg7+ Kf5 76. Qf6# 1-0

[Event "Rubinstein Memorial op-D 57th"]
[Site "Polanica Zdroj"]
[Date "2021.08.17"]
[Round "4"]
[White "Szmidt, Przemyslaw"]
[Black "Hryn, Zofia"]
[Result "1-0"]
[WhiteElo "1852"]
[BlackElo "1592"]
[PlyCount "87"]
[EventDate "2021.08.14"]
[EventType "swiss"]
[EventRounds "9"]
[EventCountry "POL"]
[SourceTitle "CBM 204 Extra"]
[Source "ChessBase"]
[SourceDate "2021.11.30"]
[SourceVersion "1"]
[SourceVersionDate "2021.11.30"]
[SourceQuality "1"]

1. d4 d5 2. Nc3 Nf6 3. Bg5 Bf5 4. f3 h6 5. Bxf6 exf6 6. e4 dxe4 7. fxe4 Bg6 8. Qd3 a6 9. a3 Nc6 10. Nf3 Be7 11. Be2 Qd7 12. d5 Ne5 13. Nxe5 fxe5 14. 0-0 0-0 15. Qg3 Rae8 16. Bg4 f5 17. Bh3 Bh7 18. Kh1 Bg5 19. Rad1 Bf4 20. Qf2 Rf6 21. g3 Bg5 22. exf5 Ref8 23. Ne4 Rxf5 24. Bxf5 Rxf5 25. Qg2 Be7 26. c4 Qa4 27. Qe2 Qb3 28. Kg2 Rxf1 29. Rxf1 Bxe4+ 30. Qxe4 Qxb2+ 31. Rf2 Qd4 32. Qxd4 exd4 33. Kf3 Bxa3 34. Ke4 Bc5 35. Ke5 b6 36. Ke6 a5 37. Rd2 a4 38. Kd7 Bb4 39. Rxd4 Bd6 40. c5 Bxc5 41. Rxa4 Bd6 42. Ra7 Bc5 43. Rxc7 Bg1 44. Rc2 1-0

[Event "Torun Budlex"]
[Site "Torun"]
[Date "2021.08.06"]
[Round "7"]
[White "Darowicki, Mariusz"]
[Black "Szmidt, Przemyslaw"]
[Result "1/2-1/2"]
[WhiteElo "1913"]
[BlackElo "1852"]
[PlyCount "20"]
[EventDate "2021.07.31"]
[EventType "tourn"]
[EventRounds "9"]
[EventCountry "POL"]
[SourceTitle "EXT 2022"]
[Source "ChessBase"]
[SourceDate "2021.10.06"]
[SourceVersion "1"]
[SourceVersionDate "2021.10.06"]
[SourceQuality "1"]

1. d4 f5 2. c4 Nf6 3. Nc3 g6 4. Nf3 Bg7 5. g3 0-0 6. Bg2 d6 7. d5 c5 8. 0-0 Na6 9. Re1 Nc7 10. Bf4 Rb8 1/2-1/2

[Event "Torun Budlex"]
[Site "Torun"]
[Date "2021.08.04"]
[Round "5"]
[White "Lewandowski, Marek"]
[Black "Szmidt, Przemyslaw"]
[Result "0-1"]
[WhiteElo "1752"]
[BlackElo "1852"]
[PlyCount "102"]
[EventDate "2021.07.31"]
[EventType "tourn"]
[EventRounds "9"]
[EventCountry "POL"]
[SourceTitle "EXT 2022"]
[Source "ChessBase"]
[SourceDate "2021.10.06"]
[SourceVersion "1"]
[SourceVersionDate "2021.10.06"]
[SourceQuality "1"]

1. e4 c5 2. Nc3 a6 3. a4 e6 4. Bc4 Nc6 5. d3 Nf6 6. f4 d5 7. Bb3 dxe4 8. Nxe4 Nxe4 9. dxe4 Qxd1+ 10. Kxd1 Nd4 11. Bc4 Bd7 12. c3 Nc6 13. Bb3 0-0-0 14. Ke2 Na5 15. Bc2 Bc6 16. Nf3 Be7 17. b3 Bf6 18. Bb2 b6 19. e5 Bxf3+ 20. gxf3 Be7 21. c4 g6 22. Rad1 Kc7 23. Rxd8 Rxd8 24. Bc3 Nc6 25. Rd1 Nd4+ 26. Bxd4 cxd4 27. Kd3 Bb4 28. Ke4 Bc3 29. Bd3 Kc6 30. Bc2 Kc5 31. Kd3 Kb4 32. h3 Rc8 33. Rb1 Rc5 34. Rg1 h6 35. Rb1 g5 36. Ke4 gxf4 37. Rg1 Bd2 38. Rg7 Bc3 39. Rxf7 Rxe5+ 40. Kxf4 Re2 41. Bd3 e5+ 42. Kg4 Re3 43. c5 Rxd3 44. cxb6 Rd1 45. Kf5 Rg1 46. b7 Rg8 47. Ke4 Kxb3 48. Rf6 Kc2 49. Rxa6 Rb8 50. Rb6 d3 51. a5 d2 0-1

[Event "Torun Budlex"]
[Site "Torun"]
[Date "2021.08.03"]
[Round "4"]
[White "Szmidt, Przemyslaw"]
[Black "Augustowski, Janusz"]
[Result "1-0"]
[WhiteElo "1852"]
[BlackElo "1726"]
[PlyCount "75"]
[EventDate "2021.07.31"]
[EventType "tourn"]
[EventRounds "9"]
[EventCountry "POL"]
[SourceTitle "EXT 2022"]
[Source "ChessBase"]
[SourceDate "2021.10.06"]
[SourceVersion "1"]
[SourceVersionDate "2021.10.06"]
[SourceQuality "1"]

1. e4 c6 2. d4 d5 3. Nd2 dxe4 4. Nxe4 Bf5 5. Ng3 Bg6 6. h4 h6 7. Nf3 Nd7 8. h5 Bh7 9. Bd3 Bxd3 10. Qxd3 Qc7 11. Rh4 e6 12. Bf4 Bd6 13. Bxd6 Qxd6 14. 0-0-0 Ngf6 15. Ne4 Nxe4 16. Qxe4 Nf6 17. Qe5 Ke7 18. Qe2 Rhd8 19. Kb1 b5 20. Rhh1 a5 21. Ne5 a4 22. a3 Rab8 23. c3 Qd5 24. g4 Rd6 25. Rhe1 Rbd8 26. Nd3 Nd7 27. f3 c5 28. Nf2 Nf6 29. Ne4 Nxe4 30. fxe4 Qc6 31. d5 Qb6 32. Qf3 b4 33. Rf1 f6 34. e5 Rxd5 35. exf6+ gxf6 36. Qxf6+ Kd6 37. Rxd5+ Kxd5 38. Qxd8+ 1-0

[Event "Polanica Zdroj op-D 56th"]
[Site "Polanica Zdroj"]
[Date "2020.08.17"]
[Round "3"]
[White "Borowski, Przemyslaw"]
[Black "Szmidt, Przemyslaw"]
[Result "0-1"]
[WhiteElo "1790"]
[BlackElo "1831"]
[PlyCount "101"]
[EventDate "2020.08.15"]
[EventType "swiss"]
[EventRounds "9"]
[EventCountry "POL"]
[SourceTitle "CBM 198 Extra"]
[Source "ChessBase"]
[SourceDate "2020.11.30"]
[SourceVersion "1"]
[SourceVersionDate "2020.11.30"]
[SourceQuality "1"]

1. e4 c5 2. Nc3 Nc6 3. f4 g6 4. Nf3 Bg7 5. Bc4 d6 6. 0-0 e6 7. d3 Nge7 8. g4 Nd4 9. f5 Nec6 10. fxe6 Bxe6 11. Bxe6 Nxe6 12. Nd5 0-0 13. g5 Ncd4 14. h4 Nc7 15. Nf6+ Kh8 16. c3 Nc6 17. Nh2 d5 18. Nhg4 dxe4 19. Nxe4 Ne6 20. Nef6 Qd6 21. Rf3 Rad8 22. Ne4 Qc7 23. Ngf6 Ne5 24. Rh3 Qc8 25. Qf1 Nd7 26. h5 Bxf6 27. hxg6 Bd4+ 28. cxd4 fxg6 29. Nf6 Nxf6 30. gxf6 Nxd4 31. f7 Qf5 32. Qxf5 Nxf5 33. Bg5 Rd6 34. Re1 Rxf7 35. Re8+ Kg7 36. Bf4 Rd5 37. Be5+ Rxe5 38. Rxe5 b6 39. Rh2 Rd7 40. Rd2 Kf6 41. Re8 h5 42. Rde2 Rxd3 43. Rf8+ Kg5 44. Rf7 a5 45. Rb7 Rd6 46. Re8 Kg4 47. Reb8 Rd2 48. Rxb6 Ng3 49. Rxg6+ Kh3 50. Rb3 Re2 51. Rb8 0-1

[Event "Polanica Zdroj op-D 56th"]
[Site "Polanica Zdroj"]
[Date "2020.08.15"]
[Round "1"]
[White "Garwacki, Kornel"]
[Black "Szmidt, Przemyslaw"]
[Result "1/2-1/2"]
[WhiteElo "1492"]
[BlackElo "1831"]
[PlyCount "43"]
[EventDate "2020.08.15"]
[EventType "swiss"]
[EventRounds "9"]
[EventCountry "POL"]
[SourceTitle "CBM 198 Extra"]
[Source "ChessBase"]
[SourceDate "2020.11.30"]
[SourceVersion "1"]
[SourceVersionDate "2020.11.30"]
[SourceQuality "1"]

1. e4 Nf6 2. e5 Nd5 3. c4 Nb6 4. d4 d6 5. exd6 cxd6 6. Nf3 g6 7. b3 Bg7 8. Bb2 0-0 9. Be2 Nc6 10. 0-0 e5 11. dxe5 dxe5 12. Nc3 e4 13. Nd2 Re8 14. Ndxe4 Qxd1 15. Raxd1 Rxe4 16. Nxe4 Bxb2 17. Rfe1 Bf5 18. Bd3 Rd8 19. Nc5 Bc8 20. Be4 Rf8 21. Bxc6 bxc6 22. Rd6 1/2-1/2

[Event "Baltic Cup-B 2nd"]
[Site "Darlowko"]
[Date "2018.06.26"]
[Round "3"]
[White "Vanduyfhuys, Igor"]
[Black "Szmidt, Przemyslaw"]
[Result "1-0"]
[WhiteElo "1802"]
[BlackElo "1847"]
[PlyCount "87"]
[EventDate "2018.06.24"]
[EventType "swiss"]
[EventRounds "9"]
[EventCountry "POL"]
[SourceTitle "CBM 187 Extra"]
[Source "ChessBase"]
[SourceDate "2018.11.04"]
[SourceVersion "1"]
[SourceVersionDate "2018.11.04"]
[SourceQuality "1"]

1. e4 d5 2. exd5 Nf6 3. d4 Nxd5 4. c4 Nb6 5. Nc3 g6 6. Nf3 Bg7 7. Be2 0-0 8. 0-0 Nc6 9. Be3 a5 10. Qd2 Bg4 11. Rad1 Bxf3 12. gxf3 Qd7 13. Ne4 Rad8 14. Nc5 Qc8 15. d5 Ne5 16. Qc2 Nbd7 17. f4 Nxc5 18. fxe5 b6 19. f4 e6 20. Bg4 Rfe8 21. Bxc5 bxc5 22. Qa4 Qa6 23. dxe6 fxe6 24. Rd7 Qb6 25. Rfd1 Rb8 26. b3 Bh6 27. Rf1 Rf8 28. Re7 Rbd8 29. Bxe6+ Kh8 30. f5 Be3+ 31. Kg2 Qb7+ 32. Bd5 Rxd5 33. cxd5 Qxd5+ 34. Kh3 gxf5 35. Qd7 Qxd7 36. Rxd7 f4 37. Rfd1 Bd4 38. e6 Re8 39. e7 Kg7 40. Kg4 Kf6 41. Rxc7 Ke6 42. Rb7 Ke5 43. Kf3 h5 44. Rd2 1-0

[Event "Baltic Cup-B 2nd"]
[Site "Darlowko"]
[Date "2018.06.24"]
[Round "1"]
[White "Sieczkowski, Adam"]
[Black "Szmidt, Przemyslaw"]
[Result "0-1"]
[WhiteElo "1695"]
[BlackElo "1847"]
[PlyCount "62"]
[EventDate "2018.06.24"]
[EventType "swiss"]
[EventRounds "9"]
[EventCountry "POL"]
[SourceTitle "CBM 187 Extra"]
[Source "ChessBase"]
[SourceDate "2018.11.04"]
[SourceVersion "1"]
[SourceVersionDate "2018.11.04"]
[SourceQuality "1"]

1. Nf3 d5 2. g3 Nc6 3. d4 Bf5 4. Bg2 Qd7 5. 0-0 Bh3 6. c4 Bxg2 7. Kxg2 e6 8. Nc3 Be7 9. Bf4 Nf6 10. Rc1 Ne4 11. cxd5 exd5 12. Qb3 Nxc3 13. Rxc3 Rb8 14. Ne5 Nxe5 15. Bxe5 0-0 16. Rxc7 Qe6 17. Rfc1 Bg5 18. f4 f6 19. f5 Qxf5 20. Qxd5+ Kh8 21. Rf1 Qg4 22. h3 Qxe2+ 23. Rf2 Qe1 24. Bd6 Be3 25. Rfc2 Qg1+ 26. Kf3 Rfe8 27. Qf7 Qf1+ 28. Kg4 Qd1+ 29. Kf5 g6+ 30. Kxf6 Qxd4+ 31. Be5 Qxe5# 0-1

[Event "Lazy op 13th"]
[Site "Lazy"]
[Date "2017.06.30"]
[Round "6"]
[White "Szmidt, Przemyslaw"]
[Black "Wacior, Maciej"]
[Result "1/2-1/2"]
[WhiteElo "1867"]
[BlackElo "2016"]
[PlyCount "73"]
[EventDate "2017.06.25"]
[EventType "swiss"]
[EventRounds "9"]
[EventCountry "POL"]
[SourceTitle "EXT 2018"]
[Source "ChessBase"]
[SourceDate "2017.10.13"]
[SourceVersion "1"]
[SourceVersionDate "2017.10.13"]
[SourceQuality "1"]

1. e4 c6 2. d4 d5 3. Nd2 dxe4 4. Nxe4 Bf5 5. Ng3 Bg6 6. h4 h6 7. Nf3 Nd7 8. h5 Bh7 9. Bd3 Bxd3 10. Qxd3 e6 11. Bd2 Qc7 12. 0-0-0 0-0-0 13. Kb1 Ngf6 14. Ne4 Nc5 15. Nxc5 Bxc5 16. Qc4 Bd6 17. Qe2 Rd7 18. Ne5 Bxe5 19. dxe5 Nd5 20. c4 Ne7 21. Bb4 Rxd1+ 22. Rxd1 c5 23. Bc3 Rd8 24. Rxd8+ Qxd8 25. a3 Nc6 26. Qe3 Qd1+ 27. Ka2 Nd4 28. Bxd4 cxd4 29. Qf4 Qd3 30. Qxf7 Qxc4+ 31. Kb1 d3 32. Qf8+ Kd7 33. Qxg7+ Kc6 34. Qf8 Qc2+ 35. Ka2 Qc4+ 36. Kb1 Qc2+ 37. Ka2 1/2-1/2

[Event "Wloclawek CC Classic 18th"]
[Site "Wloclawek"]
[Date "2017.??.??"]
[Round "4"]
[White "Szmidt, Przemyslaw"]
[Black "Gawronski, Miroslaw"]
[Result "0-1"]
[WhiteElo "1829"]
[BlackElo "2072"]
[PlyCount "32"]
[EventDate "2017.04.??"]
[EventType "swiss"]
[EventRounds "7"]
[EventCountry "POL"]
[SourceTitle "EXT 2021"]
[Source "ChessBase"]
[SourceDate "2020.10.23"]
[SourceVersion "1"]
[SourceVersionDate "2020.10.23"]
[SourceQuality "1"]

1. d4 d5 2. c4 dxc4 3. e3 Nf6 4. Bxc4 a6 5. Nf3 b5 6. Bb3 Bb7 7. Ne5 e6 8. 0-0 Nbd7 9. f4 c5 10. Qe2 Qb6 11. Nxd7 Nxd7 12. f5 e5 13. f6 gxf6 14. dxc5 Nxc5 15. Nc3 Nxb3 16. axb3 Rg8 0-1

[Event "Guzinsky Memorial 6th"]
[Site "Lazy"]
[Date "2013.03.28"]
[Round "6"]
[White "Karwowski, Kacper"]
[Black "Szmidt, Przemyslaw"]
[Result "1-0"]
[WhiteElo "1965"]
[BlackElo "1904"]
[PlyCount "27"]
[EventDate "2013.03.28"]
[EventType "swiss"]
[EventRounds "9"]
[EventCountry "POL"]
[SourceTitle "EXT 2014"]
[Source "ChessBase"]
[SourceDate "2013.11.20"]
[SourceVersion "1"]
[SourceVersionDate "2013.11.20"]
[SourceQuality "1"]

1. e4 c5 2. Nf3 d6 3. d4 Nf6 4. Nc3 cxd4 5. Nxd4 a6 6. Bg5 e6 7. f4 Qb6 8. Qd2 Qxb2 9. Rb1 Qa3 10. e5 Nfd7 11. Rb3 Qa5 12. exd6 Bxd6 13. Nxe6 Bf8 14. Qe3 1-0

[Event "Guzinsky Memorial 6th"]
[Site "Lazy"]
[Date "2013.03.28"]
[Round "7"]
[White "Szmidt, Przemyslaw"]
[Black "Zolnierowicz, Krzysztof"]
[Result "0-1"]
[WhiteElo "1904"]
[BlackElo "2167"]
[PlyCount "50"]
[EventDate "2013.03.28"]
[EventType "swiss"]
[EventRounds "9"]
[EventCountry "POL"]
[SourceTitle "EXT 2014"]
[Source "ChessBase"]
[SourceDate "2013.11.20"]
[SourceVersion "1"]
[SourceVersionDate "2013.11.20"]
[SourceQuality "1"]

1. c4 e5 2. Nc3 Nf6 3. d3 d5 4. cxd5 Nxd5 5. Nf3 Nc6 6. g3 Be7 7. Bg2 Be6 8. 0-0 0-0 9. Bd2 Nb6 10. Rc1 f6 11. Ne4 Bxa2 12. b3 Qd5 13. Rc4 Nxc4 14. bxc4 Bxc4 15. Nc3 Qf7 16. dxc4 Kh8 17. Qa4 Bb4 18. Nh4 Qxc4 19. Bd5 Qd4 20. Nf3 Qb6 21. Rb1 a5 22. Nh4 Qc5 23. Ba2 Nd4 24. Qd7 f5 25. Ne4 Qe7 0-1

[Event "POL-chT3 Kujawsko Pomorskie 1213"]
[Site "Poland"]
[Date "2013.02.10"]
[Round "8.23"]
[White "Szulgacz, Maciej"]
[Black "Szmidt, Przemyslaw"]
[Result "0-1"]
[WhiteElo "1734"]
[BlackElo "1902"]
[PlyCount "124"]
[EventDate "2012.11.04"]
[EventType "team-tourn"]
[EventRounds "11"]
[EventCountry "POL"]
[SourceTitle "EXT 2015"]
[Source "ChessBase"]
[SourceDate "2014.11.20"]
[SourceVersion "1"]
[SourceVersionDate "2014.11.20"]
[SourceQuality "1"]
[WhiteTeam "Bydgoszcz UKS MDK nr 5"]
[BlackTeam "Swiecie Gambit"]
[WhiteTeamCountry "POL"]
[BlackTeamCountry "POL"]

1. d4 c5 2. Nf3 cxd4 3. Nxd4 d5 4. e3 Nf6 5. c4 dxc4 6. Qa4+ Bd7 7. Qxc4 Nc6 8. Nc3 Nxd4 9. Qxd4 Bc6 10. Qxd8+ Rxd8 11. Bb5 Bxb5 12. Nxb5 a6 13. Nd4 e5 14. Nb3 Bb4+ 15. Ke2 Rc8 16. a3 Be7 17. Bd2 Ne4 18. Rac1 Rxc1 19. Bxc1 0-0 20. Rd1 Rd8 21. Rxd8+ Bxd8 22. f3 Nd6 23. Nc5 f6 24. b3 Kf7 25. e4 Bb6 26. Be3 Bxc5 27. Bxc5 Nb5 28. a4 Nc7 29. Kd3 Ke6 30. Kc4 Kd7 31. Bb6 Ne6 32. Be3 Kc6 33. Kd3 b5 34. a5 Nc5+ 35. Kc3 Nb7 36. Bb6 Nd6 37. Be3 g6 38. b4 Nc4 39. Bc1 Kd6 40. Kd3 Ke6 41. Ke2 Nd6 42. Kd3 Nf7 43. Ke2 Nd8 44. Be3 f5 45. Kd3 Nf7 46. Bd2 Nd6 47. Bc1 Nc8 48. Be3 Ne7 49. Bc1 Nc6 50. Bd2 f4 51. Bc3 Ne7 52. Ke2 g5 53. Kd3 Ng6 54. Be1 Ne7 55. Bd2 h5 56. Ke2 g4 57. Kd3 Kf6 58. Ke2 Kg5 59. Kd3 gxf3 60. gxf3 Kh4 61. Ke2 Kh3 62. Kf2 Kxh2 0-1

[Event "POL-chT3 Kujawsko Pomorskie 1213"]
[Site "Poland"]
[Date "2013.01.13"]
[Round "6.19"]
[White "Szmidt, Przemyslaw"]
[Black "Trepkowski, Piotr"]
[Result "1-0"]
[WhiteElo "1902"]
[BlackElo "1798"]
[PlyCount "37"]
[EventDate "2012.11.04"]
[EventType "team-tourn"]
[EventRounds "11"]
[EventCountry "POL"]
[SourceTitle "EXT 2015"]
[Source "ChessBase"]
[SourceDate "2014.11.20"]
[SourceVersion "1"]
[SourceVersionDate "2014.11.20"]
[SourceQuality "1"]
[WhiteTeam "Swiecie Gambit"]
[BlackTeam "Bydgoszcz Chemik II"]
[WhiteTeamCountry "POL"]
[BlackTeamCountry "POL"]

1. e4 e5 2. Nc3 Nf6 3. f4 d5 4. fxe5 Nxe4 5. Qf3 Nxc3 6. dxc3 Be7 7. Bf4 Be6 8. 0-0-0 0-0 9. Bd3 c5 10. c4 d4 11. h4 Nc6 12. Nh3 f6 13. Qh5 g6 14. Bxg6 hxg6 15. Qxg6+ Kh8 16. Ng5 Bf5 17. Qxf5 fxg5 18. hxg5+ Kg7 19. Qh7# 1-0